000 00705nam a2200241Ia 4500
003 OSt
005 20220926000852.0
006 a|||||r|||| 00| 0
007 ta
008 220923b |||||||| |||| 00| 0 eng d
037 _cGeneral Book
040 _aRTL
_cRTL
_beng
041 _2eng
_aeng
082 _aY9(L), M5
100 _aCHANDANI Ambika
_9296562
245 0 _aMedical profession
_b A sociological exploration
260 _a New Delhi
_bJainsons Publications
_c1905
300 _a185p
_ccm.
500 _aBibiliography: P 163-85; Appendix: P 161-62
650 _aSociology of Medicine
942 _hY9(L), M5
_cGB
_2CC
999 _c599931
_d599931